[Event "Women's Speed Chess Q1"]
[Site "chess.com INT"]
[Date "2020.06.18"]
[Round "1"]
[White "Borisova, Ekaterina"]
[Black "Soumya, Swaminathan"]
[Result "1-0"]
[WhiteTitle "FM"]
[BlackTitle "IM"]
[WhiteElo "2283"]
[BlackElo "2351"]
[WhiteFideId "34124184"]
[BlackFideId "5016193"]
[EventDate "2020.06.18"]

1. Nf3 c5 2. g3 Nc6 3. Bg2 g6 4. O-O Bg7 5. c3 d5 6. d4 cxd4 7. cxd4 Nf6 8. Nc3
O-O 9. Ne5 Ng4 10. Nxc6 bxc6 11. h3 Nh6 12. Bxh6 Bxh6 13. Na4 Rb8 14. b3 Qd6 15.
e3 Ba6 16. Re1 e5 17. dxe5 Qxe5 18. Rc1 Qf6 19. Qc2 Bb7 20. Nc5 Bc8 21. Na4 Bd7
22. Red1 Rfc8 23. Qc5 Rb7 24. Qa5 Be6 25. Nc5 Re7 26. Nd3 Bf5 27. Nb4 Qe6 28.
Kh2 Bg7 29. Qa6 h5 30. Rxc6 Rxc6 31. Qxc6 Qxc6 32. Nxc6 Rc7 33. Nb4 Kh7 34. Bxd5
a5 35. Nc6 Bd7 36. Nxa5 Rc2 37. Kg2 Rxa2 38. b4 1-0

[Event "Women's Speed Chess Q1"]
[Site "chess.com INT"]
[Date "2020.06.18"]
[Round "1"]
[White "Starosta, Martyna"]
[Black "Tomilova, Elena"]
[Result "0-1"]
[WhiteTitle "WCM"]
[BlackTitle "WGM"]
[WhiteElo "2079"]
[BlackElo "2353"]
[WhiteFideId "21818754"]
[BlackFideId "4162340"]
[EventDate "2020.06.18"]

1. e4 e6 2. d4 d5 3. Nc3 Nf6 4. e5 Nfd7 5. Nce2 c5 6. c3 Nc6 7. Nf3 Qa5 8. Bd2
cxd4 9. cxd4 Qb6 10. Bc3 Bb4 11. g3 f6 12. Bh3 fxe5 13. Bxe6 Nf6 14. Bxc8 e4 15.
Bh3 exf3 16. Nf4 Qb5 17. Qxf3 O-O 18. Be6+ Kh8 19. Qe2 Qxe2+ 20. Nxe2 Rfe8 21.
Bf5 Nxd4 22. Bd3 Bxc3+ 23. bxc3 Nxe2 24. Bxe2 Rac8 25. O-O-O Rxe2 0-1

[Event "Women's Speed Chess Q1"]
[Site "chess.com INT"]
[Date "2020.06.18"]
[Round "1"]
[White "Belenkaya, Dina"]
[Black "Nguyen, Hong Anh"]
[Result "0-1"]
[WhiteTitle "WGM"]
[BlackTitle "WIM"]
[WhiteElo "2297"]
[BlackElo "1970"]
[WhiteFideId "24142654"]
[BlackFideId "12406732"]
[EventDate "2020.06.18"]

1. e4 c5 2. Nc3 Nc6 3. g3 g6 4. Bg2 Bg7 5. Nge2 e6 6. d3 Nge7 7. Bg5 O-O 8. Qd2
Qb6 9. Rb1 Re8 10. h4 d5 11. h5 dxe4 12. Nxe4 Nd5 13. c4 Nd4 14. Nxd4 cxd4 15.
Kf1 Nc3 16. Nf6+ Bxf6 17. Bxf6 e5 18. Qg5 Re6 19. hxg6 fxg6 20. Rxh7 Rxf6 21.
Qh6 Rxf2+ 22. Kxf2 Qf6+ 23. Kg1 Nxb1 24. Rh8+ Qxh8 25. Qxg6+ Kf8 26. Bd5 Qg7 27.
Qh5 Bg4 28. Qh4 Nd2 29. Kh1 Bf3+ 0-1

[Event "Women's Speed Chess Q1"]
[Site "chess.com INT"]
[Date "2020.06.18"]
[Round "1"]
[White "Zavivaeva, Emilia"]
[Black "Perez Rodriguez, Jennifer"]
[Result "0-1"]
[WhiteTitle "WCM"]
[BlackTitle "WIM"]
[WhiteElo "1735"]
[BlackElo "2251"]
[WhiteFideId "34127531"]
[BlackFideId "3507831"]
[EventDate "2020.06.18"]

1. e4 e5 2. Nf3 Nc6 3. Nc3 Nf6 4. d4 exd4 5. Nxd4 Bb4 6. Nxc6 bxc6 7. Bd3 d5 8.
exd5 cxd5 9. O-O O-O 10. Bg5 c6 11. Qf3 Bd6 12. Rfe1 Rb8 13. b3 h6 14. Bxf6 Qxf6
15. Qxf6 gxf6 16. Ne2 c5 17. Ng3 Be5 18. Rad1 a5 19. a4 Be6 20. Bf5 Rb4 21. Bxe6
fxe6 22. Nh5 Kf7 23. Re3 c4 24. f4 Bd6 25. Rg3 cxb3 26. cxb3 Bxf4 27. Rg7+ Ke8
28. Re1 Be5 29. Rc1 Rf7 30. Rc8+ Ke7 31. Rgg8 Bd4+ 32. Kf1 Kd6 33. Rgd8+ Ke5 34.
Rc2 Rxb3 35. Re2+ Re3 36. Rxe3+ Bxe3 0-1

[Event "Women's Speed Chess Q1"]
[Site "chess.com INT"]
[Date "2020.06.18"]
[Round "1"]
[White "Hng, Mei-En Emmanuelle"]
[Black "Enkhtuul, Altan-Ulzii"]
[Result "0-1"]
[WhiteTitle "WFM"]
[BlackTitle "WGM"]
[WhiteElo "2029"]
[BlackElo "2228"]
[WhiteFideId "5804566"]
[BlackFideId "4901444"]
[EventDate "2020.06.18"]

1. e4 Nf6 2. e5 Nd5 3. d4 d6 4. Nf3 Bg4 5. Be2 e6 6. O-O Be7 7. h3 Bh5 8. c4 Nb6
9. Nc3 O-O 10. exd6 cxd6 11. Be3 d5 12. Ne5 Bxe2 13. Qxe2 dxc4 14. Rac1 N8d7 15.
Nxc4 Nxc4 16. Qxc4 Nb6 17. Qb3 a5 18. d5 Nxd5 19. Nxd5 Qxd5 20. Qxd5 exd5 21.
Rc7 Bf6 22. Rd1 d4 23. Bf4 b5 24. Rb7 b4 25. Kf1 Rfe8 26. Re1 d3 27. Rd7 Red8
28. Rxd8+ Rxd8 29. b3 Bc3 30. Rd1 f6 31. Bc7 Rd5 32. f3 Kf7 33. Kf2 g5 34. Ke3
d2 35. g4 Ke6 36. f4 Kd7 37. Bb6 Kc6 38. Ba7 Kb7 39. Ke4 Rd8 40. Bf2 Re8+ 41.
Kf5 gxf4 42. Kxf4 Re1 43. Bxe1 dxe1=Q 44. Rxe1 Bxe1 45. Kf5 Bc3 46. Ke6 Kc6 47.
Kf7 Kd5 48. Kg8 h6 49. Kh7 Bd2 50. Kg6 Bg5 0-1

[Event "Women's Speed Chess Q1"]
[Site "chess.com INT"]
[Date "2020.06.18"]
[Round "1"]
[White "Tokhirjonova, Gulrukhbegim"]
[Black "Tarini, Goyal"]
[Result "1-0"]
[WhiteTitle "WGM"]
[BlackTitle "WFM"]
[WhiteElo "2378"]
[BlackElo "2164"]
[WhiteFideId "14203626"]
[BlackFideId "5082749"]
[EventDate "2020.06.18"]

1. e4 c6 2. Nf3 d5 3. Nc3 Nf6 4. e5 Ne4 5. Ne2 Qb6 6. d4 e6 7. Ng3 c5 8. c3 Nc6
9. Bd3 Nxg3 10. hxg3 cxd4 11. cxd4 Bd7 12. Be3 Bb4+ 13. Kf1 Rc8 14. a3 Be7 15.
b4 h6 16. g4 f6 17. Bg6+ Kd8 18. exf6 Bxf6 19. g5 Be7 20. gxh6 gxh6 21. Rxh6
Rxh6 22. Bxh6 Bf6 23. Be3 Ke7 24. Rc1 Rh8 25. Kg1 Qd8 26. b5 Na5 27. Qd2 Kf8 28.
Bh6+ Kg8 29. Qf4 Nc4 30. Ne5 Bxb5 31. Bf7+ Kh7 32. Qg4 Rg8 33. Bg6+ Kh8 34. Nf7# 1-0

[Event "Women's Speed Chess Q1"]
[Site "chess.com INT"]
[Date "2020.06.18"]
[Round "1"]
[White "Castillo Pena, Patricia Evarista"]
[Black "Muminova, Nafisa"]
[Result "0-1"]
[WhiteTitle "WCM"]
[BlackTitle "WGM"]
[WhiteElo "1770"]
[BlackElo "2274"]
[WhiteFideId "6412106"]
[BlackFideId "14201526"]
[EventDate "2020.06.18"]

1. d4 Nf6 2. Nf3 e6 3. e3 c5 4. Bd3 b6 5. b3 Bb7 6. Bb2 Be7 7. Nbd2 O-O 8. O-O
d6 9. c4 Nbd7 10. Qe2 Re8 11. Rfd1 Qc7 12. Rac1 Nf8 13. Ng5 Rad8 14. Nge4 Ng6
15. dxc5 dxc5 16. Nxf6+ Bxf6 17. Bxf6 gxf6 18. Ne4 Kg7 19. Qb2 Qe5 20. Qxe5 Nxe5
21. Bc2 Bxe4 22. Bxe4 f5 23. Bc2 Kf6 24. Kf1 Nc6 25. a3 Rg8 26. Rxd8 Rxd8 27.
Ke2 Rg8 28. g3 Ne5 29. Rd1 Ke7 30. h3 a5 31. e4 fxe4 32. Bxe4 f5 33. Bc2 Nc6 34.
Rd2 Nd4+ 35. Ke3 Kf6 36. Bd1 e5 37. f4 Rxg3+ 38. Kf2 exf4 0-1

[Event "Women's Speed Chess Q1"]
[Site "chess.com INT"]
[Date "2020.06.18"]
[Round "1"]
[White "Mohota, Nisha"]
[Black "Pham, Le Thao Nguyen"]
[Result "0-1"]
[WhiteTitle "IM"]
[BlackTitle "IM"]
[WhiteElo "2195"]
[BlackElo "2366"]
[WhiteFideId "5004330"]
[BlackFideId "12401226"]
[EventDate "2020.06.18"]

1. e4 c5 2. Nf3 e6 3. c3 d5 4. exd5 Qxd5 5. d4 Nf6 6. Na3 Nc6 7. Nb5 Qd8 8. Be3
a6 9. Na3 cxd4 10. Nxd4 Nxd4 11. Qxd4 Qxd4 12. Bxd4 Bxa3 13. bxa3 Bd7 14. Be2
Bc6 15. O-O O-O 16. Rab1 Rac8 17. Rb2 Rfd8 18. f3 Rd7 19. Rfb1 Nd5 20. g3 Ne7
21. g4 Nd5 22. Kf2 f6 23. Bc4 Kf7 24. Bxd5 Bxd5 25. f4 Rc4 26. h3 Kg6 27. Re1 h5
28. Rbe2 Ra4 29. Rc2 Rc7 30. Rec1 Rxa3 31. c4 Bc6 32. Be3 Rd7 33. c5 Rdd3 34.
Re2 Bd5 35. Rg1 hxg4 36. hxg4 Rxa2 0-1

[Event "Women's Speed Chess Q1"]
[Site "chess.com INT"]
[Date "2020.06.18"]
[Round "1"]
[White "Babiy, Olga"]
[Black "Golubenko, Valentina"]
[Result "1-0"]
[WhiteTitle "WGM"]
[BlackTitle "WGM"]
[WhiteElo "2228"]
[BlackElo "2209"]
[WhiteFideId "14117258"]
[BlackFideId "4501993"]
[EventDate "2020.06.18"]

1. e4 g6 2. d4 Bg7 3. Nc3 c5 4. Nf3 cxd4 5. Nxd4 Nc6 6. Be3 Nf6 7. Bc4 O-O 8.
Bb3 Ng4 9. Qxg4 Nxd4 10. Qh4 Nxb3 11. axb3 Qc7 12. O-O e6 13. Bh6 Bxc3 14. bxc3
Qxc3 15. Bxf8 Kxf8 16. Qxh7 b6 17. Qh6+ Kg8 18. Rad1 Qxc2 19. e5 Qe4 20. Rfe1
Qf5 21. Rd4 Qh5 22. Qxh5 gxh5 23. b4 a5 24. bxa5 bxa5 25. Ra1 Kg7 26. Rda4 Kg6
27. f4 Kf5 28. g3 h4 29. Rxa5 Rb8 30. Ra8 Rxa8 31. Rxa8 Bb7 32. Rf8 Kg6 33. gxh4
Bc6 34. Kf2 Kg7 35. Rb8 Kh6 36. Kg3 Kg6 37. Kg4 Ba4 38. h5+ Kh6 39. Rh8+ Kg7 40.
Rd8 f6 41. Kh4 Bb5 42. Rb8 Bc6 43. Re8 Bb5 44. Re7+ Kf8 45. exf6 d5 46. h6 Bd3
47. Kg5 d4 48. Rxe6 Bc2 49. Rd6 d3 50. h7 d2 51. h8=Q+ Kf7 52. Qg7+ Ke8 53. Qe7# 1-0

[Event "Women's Speed Chess Q1"]
[Site "chess.com INT"]
[Date "2020.06.18"]
[Round "1"]
[White "Hrabinska, Myroslava"]
[Black "Mammadzada, Gunay"]
[Result "0-1"]
[WhiteTitle "WGM"]
[BlackTitle "IM"]
[WhiteElo "2235"]
[BlackElo "2443"]
[WhiteFideId "14109190"]
[BlackFideId "13403729"]
[EventDate "2020.06.18"]

1. e4 c5 2. b4 cxb4 3. a3 bxa3 4. d4 d6 5. Bd3 Nf6 6. f4 e5 7. fxe5 dxe5 8. c3
exd4 9. cxd4 Bb4+ 10. Bd2 Qxd4 11. Bxb4 Qxa1 12. Bxa3 Qe5 13. Qa4+ Bd7 14. Qb3
Nxe4 15. Ne2 Nc5 16. Qb4 Nxd3+ 0-1

[Event "Women's Speed Chess Q1"]
[Site "chess.com INT"]
[Date "2020.06.18"]
[Round "1"]
[White "Gokbulut, Julia"]
[Black "Papp, Sarah"]
[Result "1/2-1/2"]
[WhiteTitle "WFM"]
[BlackTitle "WGM"]
[WhiteElo "1970"]
[BlackElo "2334"]
[WhiteFideId "4153979"]
[BlackFideId "24606812"]
[EventDate "2020.06.18"]

1. d4 d6 2. c4 e5 3. d5 f5 4. Nc3 Nf6 5. e4 f4 6. g3 g5 7. h4 fxg3 8. fxg3 g4 9.
Be2 Be7 10. Bg5 h5 11. Qd2 Na6 12. O-O-O Nc5 13. Bd3 a5 14. Nge2 Nh7 15. Be3
Nxd3+ 16. Qxd3 O-O 17. Rdf1 Bd7 18. Bh6 Rf6 19. Rxf6 Bxf6 20. Rf1 Bg7 21. Bxg7
Kxg7 22. Qe3 Qe7 23. Kd2 Rf8 24. Ke1 Rxf1+ 25. Kxf1 Qf6+ 26. Qf2 c6 27. Qxf6+
Nxf6 28. Kf2 cxd5 29. cxd5 b5 30. Ke3 b4 31. Nb1 Bb5 32. Nd2 Kf7 33. b3 Ke7 34.
Nc1 Kd7 35. Nd3 Bxd3 36. Kxd3 Kc7 37. Nc4 a4 38. bxa4 Nd7 39. a5 Nc5+ 40. Ke3
Kd7 41. Nb2 Kc7 42. Nd3 b3 43. axb3 Nxb3 44. a6 Kb6 45. Nb4 Nc5 46. a7 Kxa7 47.
Nc6+ Kb6 48. Ne7 Nd7 49. Nf5 Kc5 50. Ng7 Nf6 51. Ne6+ Kc4 1/2-1/2

[Event "Women's Speed Chess Q1"]
[Site "chess.com INT"]
[Date "2020.06.18"]
[Round "1"]
[White "Arakhamia-Grant, Ketevan"]
[Black "Schulze, Lara"]
[Result "1-0"]
[WhiteTitle "GM"]
[BlackTitle "FM"]
[WhiteElo "2380"]
[BlackElo "2314"]
[WhiteFideId "13600168"]
[BlackFideId "12956830"]
[EventDate "2020.06.18"]

1. e4 c5 2. Nf3 d6 3. d4 cxd4 4. Nxd4 Nf6 5. Nc3 Nc6 6. Bg5 e6 7. Qd2 a6 8.
O-O-O Bd7 9. f4 Be7 10. Bxf6 Bxf6 11. Nf3 Be7 12. g4 b5 13. g5 b4 14. Ne2 Qb6
15. Ned4 Nxd4 16. Nxd4 a5 17. Bc4 Rc8 18. Qd3 e5 19. fxe5 dxe5 20. Nf3 Bc6 21.
h4 Qc7 22. h5 a4 23. Kb1 Rd8 24. Qe2 Qb7 25. Nxe5 O-O 26. g6 Be8 27. gxf7+ Bxf7
28. Nxf7 Rxf7 29. Rxd8+ Bxd8 30. Rf1 Bf6 31. e5 Qe7 32. Bxf7+ Kxf7 33. Qc4+ 1-0

[Event "Women's Speed Chess Q1"]
[Site "chess.com INT"]
[Date "2020.06.18"]
[Round "1"]
[White "Benmesbah, Natacha"]
[Black "Fuentes Inzunza, Lesly"]
[Result "1-0"]
[WhiteTitle "WIM"]
[BlackTitle "WFM"]
[WhiteElo "2223"]
[BlackElo "1840"]
[WhiteFideId "642002"]
[BlackFideId "3408205"]
[EventDate "2020.06.18"]

1. e4 c6 2. c4 d5 3. cxd5 cxd5 4. exd5 Qxd5 5. Nc3 Qd8 6. Bc4 Nf6 7. Nf3 e6 8.
d4 Be7 9. O-O O-O 10. Re1 Nc6 11. a3 b6 12. Bf4 Bb7 13. Rc1 Rc8 14. Ba2 Na5 15.
Bg5 h6 16. Bh4 Bxf3 17. Qxf3 Qxd4 18. Bg3 Qg4 19. Qxg4 Nxg4 20. Nb5 a6 21. Nc7
h5 22. Nxa6 h4 23. Bf4 g5 24. Bc7 Bc5 25. Nxc5 Rxc7 26. Nxe6 Rxc1 27. Rxc1 fxe6
28. Bxe6+ Kg7 29. Bxg4 Nb3 30. Rc7+ Kg6 31. Rc6+ Rf6 32. Bh5+ Kg7 33. Rc7+ Kh6
34. Bg4 Rd6 35. h3 Nc5 36. Bf5 1-0

[Event "Women's Speed Chess Q1"]
[Site "chess.com INT"]
[Date "2020.06.18"]
[Round "1"]
[White "Sharmin, Samiha Shimmi"]
[Black "Rakhmangulova, Anastasiya"]
[Result "0-1"]
[WhiteTitle "WCM"]
[BlackTitle "WIM"]
[WhiteElo "1812"]
[BlackElo "2191"]
[WhiteFideId "10203087"]
[BlackFideId "14117479"]
[EventDate "2020.06.18"]

1. e4 d5 2. exd5 Qxd5 3. Nf3 Nc6 4. Be2 Bg4 5. h3 Bh5 6. d4 O-O-O 7. Be3 e5 8.
Nc3 Bb4 9. O-O Bxc3 10. bxc3 f5 11. c4 Qf7 12. d5 Bxf3 13. Bxf3 e4 14. Be2 f4
15. Bc5 Ne5 16. Kh2 f3 17. gxf3 exf3 18. Bd3 Qf4+ 19. Kh1 Ng4 20. hxg4 Qh6+ 21.
Kg1 Qh3 22. Bf5+ Kb8 23. Bxa7+ Kxa7 24. Qd4+ Kb8 0-1

[Event "Women's Speed Chess Q1"]
[Site "chess.com INT"]
[Date "2020.06.18"]
[Round "1"]
[White "Reyes Jara, Paula"]
[Black "Burtasova, Anna"]
[Result "0-1"]
[WhiteTitle "WFM"]
[BlackTitle "WGM"]
[WhiteElo "1871"]
[BlackElo "2261"]
[WhiteFideId "3403920"]
[BlackFideId "4150740"]
[EventDate "2020.06.18"]

1. e4 c5 2. Nf3 e6 3. d4 cxd4 4. Nxd4 a6 5. Nc3 b5 6. Be3 d6 7. Be2 Bb7 8. f3
Nf6 9. Qd2 Nbd7 10. O-O-O Be7 11. g4 Ne5 12. g5 Nfd7 13. f4 Nc4 14. Bxc4 bxc4
15. Qe2 Rc8 16. Rhf1 Nc5 17. Bd2 O-O 18. f5 Bxg5 19. fxe6 Bxd2+ 20. Rxd2 fxe6
21. Rxf8+ Qxf8 22. Qxc4 Nxe4 23. Qxe6+ Qf7 24. Nxe4 Qxe6 25. Nxe6 Bxe4 26. c3 d5
27. Ng5 Rf8 28. Nxe4 dxe4 29. Re2 Re8 30. Kd2 Kf7 31. Ke3 Kf6 32. Kf4 g5+ 33.
Kg4 Kg6 34. Rd2 Re6 35. Re2 h5+ 36. Kg3 Kf5 37. h3 e3 38. Kf3 g4+ 39. hxg4+
hxg4+ 40. Kg3 Ke4 41. Kxg4 Rg6+ 42. Kh3 Kf3 0-1

[Event "Women's Speed Chess Q1"]
[Site "chess.com INT"]
[Date "2020.06.18"]
[Round "1"]
[White "Dubnikova, Anastasia"]
[Black "Hoang, Thi Bao Tram"]
[Result "0-1"]
[WhiteTitle "WFM"]
[BlackTitle "WGM"]
[WhiteElo "2148"]
[BlackElo "2288"]
[WhiteFideId "44153759"]
[BlackFideId "12401102"]
[EventDate "2020.06.18"]

1. c4 c6 2. Nf3 d5 3. d4 Nf6 4. Qc2 g6 5. Bf4 Bg7 6. e3 O-O 7. Nbd2 a6 8. Bd3
Nbd7 9. h3 dxc4 10. Nxc4 Nd5 11. O-O Nxf4 12. exf4 Nf6 13. f5 Nd5 14. a3 Nf4 15.
Be4 gxf5 16. Bxf5 Bxf5 17. Qxf5 Ne2+ 18. Kh1 Nxd4 19. Nxd4 Qxd4 20. Ne3 Rad8 21.
Rab1 e6 22. Qh5 Qf4 23. b3 Rd2 24. Kg1 Rfd8 25. Nc4 R8d5 26. Qf3 Qxf3 27. gxf3
R2d3 28. Ne3 Rd7 29. Kg2 Bh6 30. Nc4 f6 31. Rfe1 Kf7 32. a4 e5 33. Re2 Bf4 34.
Rbe1 Ke6 35. Rb1 Rg7+ 36. Kf1 Rxf3 0-1

[Event "Women's Speed Chess Q1"]
[Site "chess.com INT"]
[Date "2020.06.18"]
[Round "1"]
[White "Michelle Catherina, P"]
[Black "Buksa, Nataliya"]
[Result "1-0"]
[WhiteTitle "WIM"]
[BlackTitle "IM"]
[WhiteElo "2176"]
[BlackElo "2410"]
[WhiteFideId "5005736"]
[BlackFideId "14123622"]
[EventDate "2020.06.18"]

1. e4 c5 2. Nf3 Nc6 3. d4 cxd4 4. Nxd4 Nf6 5. Nc3 e5 6. Ndb5 d6 7. Bg5 a6 8. Na3
b5 9. Nd5 Be7 10. Bxf6 Bxf6 11. c4 b4 12. Nc2 a5 13. g3 Bg5 14. h4 Bh6 15. Bh3
Be6 16. Kf1 O-O 17. Kg2 Kh8 18. Qd3 Nb8 19. a3 bxa3 20. Nxa3 Nd7 21. Nb5 Nc5 22.
Qe2 Bxd5 23. cxd5 Qb6 24. Nc3 a4 25. Ra2 Ra7 26. Rha1 Rfa8 27. Qc4 g6 28. Nxa4
Nxa4 29. Rxa4 Rxa4 30. Rxa4 Rxa4 31. Qxa4 Qxb2 32. Qd1 Kg7 33. Qf3 Bd2 34. Bd7
Ba5 35. Be8 Qb7 36. h5 Qe7 37. Bc6 Bb6 38. Qg4 Bc5 39. Qf3 Qd8 40. Bb5 Qf8 41.
Bc6 f5 42. Bd7 fxe4 43. h6+ Kxh6 44. Qxf8+ Kg5 45. Qe7+ Kh6 46. Be6 e3 47. fxe3
Bxe3 48. Qxd6 Kg5 49. Qxe5+ 1-0

[Event "Women's Speed Chess Q1"]
[Site "chess.com INT"]
[Date "2020.06.18"]
[Round "1"]
[White "Arabidze, Meri"]
[Black "Smirnova, Ekaterina"]
[Result "1-0"]
[WhiteTitle "IM"]
[BlackTitle "WIM"]
[WhiteElo "2428"]
[BlackElo "2278"]
[WhiteFideId "13604040"]
[BlackFideId "4110943"]
[EventDate "2020.06.18"]

1. d4 e6 2. c4 d5 3. Nf3 Nf6 4. Nc3 c6 5. e3 a6 6. Qc2 c5 7. cxd5 exd5 8. Bd3
Be6 9. O-O Nc6 10. a3 cxd4 11. exd4 Be7 12. Be3 O-O 13. Ng5 h6 14. Nxe6 fxe6 15.
Rad1 Rc8 16. Qe2 Bd6 17. h3 Bb8 18. Bb1 Qd6 19. f4 Ne7 20. g4 Ba7 21. Qd3 Rfd8
22. Rf3 Bb8 23. Rdf1 Rc6 24. R1f2 Rdc8 25. g5 hxg5 26. fxg5 Ne4 27. Nxe4 Rc1+
28. Bxc1 dxe4 29. Bf4 Rc1+ 30. Kg2 exf3+ 31. Rxf3 Qxf4 32. Rxf4 Bxf4 33. Qh7+
Kf7 34. Qh5+ Kg8 35. Qe8# 1-0

[Event "Women's Speed Chess Q1"]
[Site "chess.com INT"]
[Date "2020.06.18"]
[Round "1"]
[White "Tarasova, Viktoriya"]
[Black "Bouah, Denise"]
[Result "1-0"]
[WhiteTitle "WIM"]
[BlackTitle "WIM"]
[WhiteElo "2226"]
[BlackElo "1770"]
[WhiteFideId "4175840"]
[BlackFideId "14300818"]
[EventDate "2020.06.18"]

1. d4 d6 2. c4 g6 3. Nc3 Bg7 4. e4 Nf6 5. h3 O-O 6. Be3 Nc6 7. d5 Ne5 8. f4 Ned7
9. Nf3 e5 10. fxe5 Nxe5 11. Nxe5 dxe5 12. Be2 a6 13. O-O h6 14. Qd2 Kh7 15. c5
b5 16. b4 Bd7 17. c6 Bc8 18. a4 bxa4 19. Rxa4 Rb8 20. Rb1 Ne8 21. Bxa6 Bxa6 22.
Rxa6 Nd6 23. Qd3 f5 24. Bc5 Qf6 25. Re1 Rf7 26. Raa1 fxe4 27. Nxe4 Qf5 28. Qe2
Nb5 29. Rf1 Nc3 30. Nxc3 1-0

[Event "Women's Speed Chess Q1"]
[Site "chess.com INT"]
[Date "2020.06.18"]
[Round "1"]
[White "Bulmaga, Irina"]
[Black "Fernandez, Maria Florencia"]
[Result "1-0"]
[WhiteTitle "IM"]
[BlackTitle "WIM"]
[WhiteElo "2440"]
[BlackElo "2229"]
[WhiteFideId "13903063"]
[BlackFideId "116459"]
[EventDate "2020.06.18"]

1. e4 d6 2. d4 Nf6 3. Nc3 g6 4. Nf3 Bg7 5. Be2 O-O 6. h3 c6 7. a4 a5 8. O-O Na6
9. b3 Nb4 10. Bb2 e5 11. Re1 Qc7 12. Bf1 Nh5 13. Ne2 Re8 14. dxe5 dxe5 15. c3
Rd8 16. Qb1 Nd3 17. Rd1 Nxb2 18. Rxd8+ Qxd8 19. Qxb2 Be6 20. c4 Nf4 21. Nc3 Qf6
22. Nh2 Qg5 23. Kh1 f5 24. Rd1 Rf8 25. Qd2 Qe7 26. g3 Nh5 27. Bg2 Bf6 28. Qe2 f4
29. g4 Ng7 30. Bf3 Qb4 31. Qc2 Rd8 32. Rxd8+ Bxd8 33. Nf1 Bb6 34. Kg2 Bd4 35.
Ne2 c5 36. Nc1 Ne8 37. Nd3 Qb6 38. Nd2 Nf6 39. Nb1 Qc6 40. Na3 Ne8 41. Nb5 g5
42. Qd2 Nc7 43. Qxa5 Na6 44. Qd8+ Kf7 45. Qxg5 Ba1 46. Nxe5+ Bxe5 47. Qxe5 Nb4
48. Qxf4+ Ke7 49. e5 Qe8 50. Nd6 Kd7 51. Nxe8 1-0

[Event "Women's Speed Chess Q1"]
[Site "chess.com INT"]
[Date "2020.06.18"]
[Round "1"]
[White "Mahdian, Anousha"]
[Black "Mammadova, Gulnar"]
[Result "1/2-1/2"]
[WhiteTitle "WFM"]
[BlackTitle "IM"]
[WhiteElo "2212"]
[BlackElo "2382"]
[WhiteFideId "12571490"]
[BlackFideId "13403508"]
[EventDate "2020.06.18"]

1. d4 e6 2. c4 b6 3. Nf3 Bb7 4. g3 f5 5. Bg2 Nf6 6. O-O Be7 7. d5 O-O 8. Nc3 Ne4
9. Nxe4 fxe4 10. Nd2 exd5 11. cxd5 Bxd5 12. Nxe4 c6 13. Bf4 Na6 14. Qd2 Nc7 15.
Rac1 Ne6 16. Be3 Bxa2 17. Nc3 Bb3 18. Qd3 d5 19. Nb1 Ba2 20. Rxc6 Qd7 21. Rcc1
Rad8 22. Rfd1 Nc5 23. Bxc5 Bxc5 24. e3 Qf7 25. Qd2 d4 26. e4 d3 27. Rf1 a5 28.
Nc3 Be6 29. Kh1 Bb4 30. f4 Bg4 31. f5 Be2 32. Rf4 Qf6 33. Re1 a4 34. e5 Bxc3 35.
Qxc3 Qe7 36. Qd2 Qxe5 37. Rxa4 Qxf5 38. Rf4 Qe5 39. Re4 Qc5 40. b4 Qc2 41. R4xe2
Qc4 42. Re4 Qc2 43. R4e2 Qc4 44. Re4 Qc2 45. R4e2 1/2-1/2

[Event "Women's Speed Chess Q1"]
[Site "chess.com INT"]
[Date "2020.06.18"]
[Round "1"]
[White "Tarleva, Vira"]
[Black "Dordzhieva, Dinara"]
[Result "0-1"]
[WhiteTitle "WFM"]
[BlackTitle "WIM"]
[WhiteElo "2030"]
[BlackElo "2354"]
[WhiteFideId "14116693"]
[BlackFideId "24157570"]
[EventDate "2020.06.18"]

1. e4 c5 2. Nf3 d6 3. d4 cxd4 4. Nxd4 Nf6 5. Nc3 a6 6. h3 e6 7. g4 h6 8. Bg2 g5
9. Be3 Nbd7 10. Qe2 Ne5 11. O-O-O Qc7 12. f4 gxf4 13. Bxf4 Nfd7 14. h4 b5 15. g5
h5 16. Bh3 Nc5 17. Nf3 b4 18. Nd5 exd5 19. exd5 Bg7 20. Nxe5 dxe5 21. d6 Qa5 22.
Bxe5 O-O 23. Bxg7 Kxg7 24. Qe5+ Kg8 25. Kb1 Bxh3 26. Rxh3 Rfe8 27. Qf6 Ne4 28.
Qh6 Qf5 29. d7 Red8 30. Re3 Nd2+ 31. Ka1 Rxd7 32. g6 Nb3+ 33. axb3 Rxd1+ 34. Ka2
Qa5# 0-1

[Event "Women's Speed Chess Q1"]
[Site "chess.com INT"]
[Date "2020.06.18"]
[Round "1"]
[White "Ambartsumova, Karina"]
[Black "Ovezdurdiyeva, Jemal"]
[Result "1-0"]
[WhiteTitle "IM"]
[BlackTitle "WFM"]
[WhiteElo "2371"]
[BlackElo "2061"]
[WhiteFideId "4166299"]
[BlackFideId "14001888"]
[EventDate "2020.06.18"]

1. e4 c5 2. Nf3 d6 3. d4 cxd4 4. Nxd4 Nf6 5. Nc3 a6 6. Be3 e5 7. Nf3 Be7 8. Bc4
O-O 9. O-O Be6 10. Bxe6 fxe6 11. Na4 Nfd7 12. Qe2 b5 13. Nc3 Nc6 14. Rad1 Qe8
15. a4 b4 16. Nb1 Qg6 17. Nbd2 d5 18. exd5 exd5 19. Nb3 d4 20. Bc1 Kh8 21. Rfe1
Bd6 22. Qe4 Qxe4 23. Rxe4 Nf6 24. Ree1 Rad8 25. Nbd2 Bb8 26. Ne4 Na5 27. Bd2 Nc6
28. Nc5 Rfe8 29. Ng5 Kg8 30. Nge4 a5 31. Bg5 Kf7 32. Rd3 h6 33. Bxf6 gxf6 34.
Rf3 Kg7 35. Nxf6 Rf8 36. Ne6+ Kg6 37. Nxd8 Rxd8 38. Re4 h5 39. g4 h4 40. Nh5 Rg8
41. Rf6+ Kh7 42. Rxc6 Rg6 43. Rxg6 1-0

[Event "Women's Speed Chess Q1"]
[Site "chess.com INT"]
[Date "2020.06.18"]
[Round "1"]
[White "Shpanko, Nadiia"]
[Black "Vantika, Agrawal"]
[Result "1-0"]
[WhiteTitle "WIM"]
[BlackTitle "WIM"]
[WhiteElo "2235"]
[BlackElo "2286"]
[WhiteFideId "14132400"]
[BlackFideId "25050389"]
[EventDate "2020.06.18"]

1. d4 Nf6 2. Nf3 g6 3. c4 Bg7 4. Nc3 O-O 5. e4 d6 6. Be3 Nbd7 7. Be2 e5 8. dxe5
dxe5 9. Qd2 c6 10. Bh6 Qe7 11. O-O Nc5 12. Bxg7 Kxg7 13. Qe3 a5 14. Rad1 Bg4 15.
h3 Bxf3 16. Bxf3 Ne6 17. Ne2 h5 18. h4 Qb4 19. b3 a4 20. g3 axb3 21. axb3 Ra3
22. Rb1 Rd8 23. Kg2 Nc5 24. Qg5 Re8 25. Rfd1 Ncxe4 26. Bxe4 Nxe4 27. Qe3 Nc5 28.
Nd4 exd4 29. Qxe8 Ne6 30. Rd3 Ra2 31. Rf3 Qf8 32. Qd7 Ra7 33. b4 c5 34. bxc5 d3
35. c6 d2 36. cxb7 d1=Q 37. Qxd1 1-0